| 000 | 00957nam a22003017a 4500 | ||
|---|---|---|---|
| 001 | 4868 | ||
| 003 | FISKH | ||
| 005 | 20241021160224.0 | ||
| 008 | 241021b cb ||||| |||| 00| 0 eng d | ||
| 020 | _a0439218837 | ||
| 040 |
_aFISKH _beng _cFISKH _dFISKH |
||
| 050 | _aPZ8.C21684 | ||
| 082 | _a303 | ||
| 100 |
_aCarlstrom, White Nancy _d(1948-) |
||
| 245 |
_aWhat a scare, jesse bear / _cby Nancy White Carlstrom illustrated by Bruce Degen |
||
| 250 | _aFirst printing in 2000 | ||
| 260 |
_aNew York : _bScholastic, _c2000. |
||
| 300 |
_a26 pages : _bColor illustrations ; _c26 cm. |
||
| 505 | _aG | ||
| 520 | _aAt Halloween Jesse Bear picks out a pumpkin, helps make a jack-o-lantern, works on a costume, and has fun trick-or-treating. | ||
| 521 | 8 |
_a380L
_bLexile |
|
| 521 | 8 |
_aG
_bRaz-Plus |
|
| 650 |
_2Bears _aHoliday |
||
| 650 |
_2Costumes _aHalloween |
||
| 700 |
_aDegen, Bruce _dIllustrator |
||
| 942 |
_2ddc _cBK _n0 |
||
| 999 |
_c4868 _d4868 |
||